00367nam a2200133 a 4500008004100000050001500041245006300056246000900119260002200128350000900150650002600159650003500185650001300220120416s1997 ||||||||||||||||| || u aJC 362 Jap10aJapan international cooperation agency annual report, 1997 aJICA aJapanbJICAc1997 a0.00 aWORLD POLITICS--JAPAN aINTERNATIONAL RELATIONS--JAPAN aPOLITICS